| 000 | 00648nam a2200205 4500 | ||
|---|---|---|---|
| 001 | 112835 | ||
| 003 | ES-MaACL | ||
| 005 | 20230906185640.0 | ||
| 007 | t| | ||
| 008 | 061121s1984 sp r ||||1| spa d | ||
| 100 | 1 |
_aNubiola, Jaime. _986114 |
|
| 245 | 1 | 3 |
_aEl compromiso esencialista de la lógica modal _b: estudio de Quine y Kripske / _cJaime Nubiola. |
| 260 |
_aPamplona : _bEd. Universidad de Navarra, _c1984. |
||
| 300 |
_a349 p. ; _c22 cm. |
||
| 490 | 1 | _aColección filosófica | |
| 710 | 2 |
_aUniversidad de Navarra. _97252 |
|
| 830 | 0 |
_aColección filosófica _9180473 |
|
| 852 |
_aES-MaACL _jL-10515 _bR.111409 |
||
| 999 |
_c112835 _d112835 |
||